000 00683cam a22002291 4500
001 sa 67004936
003 DLC
005 20260227112352.0
008 840409s1965 ii a 000 0 eng
010 _asa 67004936
025 _aPL480:I-E-5662
035 _a(OCoLC)10607821
040 _aDLC
_cMBM
_dDLC
042 _apremarc
050 0 0 _aDS485.N68
_bN313
100 1 _aNāragolakara, Kusuma.
245 1 0 _aIn the wake of the Chinese thrust.
_cForeword by Y.B. Chavan.
260 _aBombay,
_bPopular Prakashan
_c[1965]
300 _ax, 276 p.
_billus.
_c19 cm.
500 _aL.C. copy imperfect: map wanting.
651 0 _aArunāchal Pradesh (India)
_xDescription and travel.
999 _c74846
_d74846